00820nam a22002177a 4500003001100000005001700011008004100028040003900069041000800108082001600116100002500132245008400157260007000241300001900311650001300330650002400343856012200367942000700489952009100496999001500587LK-CoMWRAF20240105102223.0240105b2010 |||||||| |||| 00| 0 eng d aLK-CoMWRAFdLK-CoMWRAFeLK-CoMWRAF aeng a305.42bBAT a Batliwala, Srilatha aFeminist leadership for social transformation :b clearing the conceptual cloud aNew Delhi:b Creating Resources for Empowerment in Action ,c2010 a 79 p. ; 28 cm aFEMINISM aLeadership in women uhttps://creaworld.org/wp-content/uploads/2020/11/feminist-leadership-clearing-conceptual-cloud-srilatha-batliwala.pdf cBK 00104070aMAINbMAINd2024-01-05l0o305.42 BATpRAF4669r2024-01-05w2024-01-05yBK c4589d4589